[Event "VIE-chT"]
[Site "Ho Chi Minh City"]
[Date "2012.09.25"]
[Round "7"]
[White "Ton, Nu Hong An"]
[Black "Dang, Hong Nhung"]
[Result "0-1"]
[WhiteElo "2018"]
[BlackElo "2073"]
[PlyCount "64"]
[EventDate "2012.09.21"]
[EventType "team-tourn"]
[EventRounds "9"]
[EventCountry "VIE"]
[SourceTitle "CBM 150 Extra"]
[Source "ChessBase"]
[SourceDate "2012.10.19"]
[SourceVersion "1"]
[SourceVersionDate "2012.10.19"]
[SourceQuality "1"]

1. d4 d5 2. Nf3 Nf6 3. e3 e6 4. Bd3 Be7 5. Nbd2 Nc6 6. a3 0-0 7. Ne5 Nxe5 8. dxe5 Nd7 9. f4 Nc5 10. b3 c6 11. 0-0 Nxd3 12. cxd3 Qb6 13. Rf3 f5 14. Rh3 g6 15. Kh1 Qb5 16. Nf3 c5 17. a4 Qd7 18. Qe1 b6 19. Ba3 Ba6 20. d4 Bd3 21. Qg3 Be4 22. Rh6 Rf7 23. Ng5 Bxg5 24. Qxg5 Rc8 25. h4 Qe7 26. h5 Qxg5 27. fxg5 f4 28. hxg6 Bxg6 29. Rh3 fxe3 30. Rxe3 cxd4 31. Ree1 Rc2 32. Rac1 Rff2 0-1

[Event "VIE-chT"]
[Site "Ho Chi Minh City"]
[Date "2012.09.24"]
[Round "6"]
[White "Dang, Hong Nhung"]
[Black "Nguyen, Thanh Nghia"]
[Result "1/2-1/2"]
[WhiteElo "2073"]
[BlackElo "2143"]
[PlyCount "22"]
[EventDate "2012.09.21"]
[EventType "team-tourn"]
[EventRounds "9"]
[EventCountry "VIE"]
[SourceTitle "CBM 150 Extra"]
[Source "ChessBase"]
[SourceDate "2012.10.19"]
[SourceVersion "1"]
[SourceVersionDate "2012.10.19"]
[SourceQuality "1"]

1. d4 d5 2. c4 e6 3. Nc3 Nf6 4. Bf4 Bd6 5. Bxd6 Qxd6 6. c5 Qe7 7. e3 0-0 8. Nf3 b6 9. cxb6 axb6 10. Bd3 c5 11. Ne5 Bb7 1/2-1/2